000 00665nam a2200205Ia 4500
003 IN-BaIIA
008 211028s9999 xx 000 0 eng d
020 _a3-540-30765-6
040 _cIIA Library
080 _a523.947
_bASC
100 _aAschwanden, Markus J.
_929216
245 0 _aPhysics of the solar corona
_ban introduction with problems and solutions
_cMarkus J. Aschwanden
260 _aBerlin
_bSpringer-Verlag
_c2006
300 _axxii, 892p.
490 _aSpringer-Praxis books in astronomy and planetary sciences
650 _aPhysics
_973
650 _aSolar corona
650 _aSolar physics
942 _cBK
999 _c16266
_d16266